Mio figlio in rosa : ti senti maschio o femmina? io mi sento io /
Gorde:
| Egile nagusia: | |
|---|---|
| Formatua: | Liburua |
| Hizkuntza: | italiera |
| Argitaratua: |
San Cesario di Lecce :
Manni,
2017
|
| Saila: | Narrativa
|
| Gaiak: | |
| Etiketak: |
Etiketarik gabe, Izan zaitez lehena erregistro honi etiketa jartzen!
|
MARC
| LEADER | 00000nam a2200000 i 4500 | ||
|---|---|---|---|
| 001 | IT\ICCU\RT1\0089784 | ||
| 003 | ItRI | ||
| 005 | 20260115232125.0 | ||
| 008 | 180207s2017 it |||||| ||||| |||||c | ||
| 015 | |2 IT |a 2018-1158 | ||
| 020 | |a 9788862668026 | ||
| 040 | |b ita |c importazione bologna sebina | ||
| 041 | 7 | |a ita |2 ISO-639-2 | |
| 082 | |a 155.424 |9 PSICOLOGIA INFANTILE. BAMBINI DA SEI A UNDICI ANNI |2 23 | ||
| 100 | 1 | |a Vivian, Camilla |0 IT\ICCU\RT1V\034357 |4 aut | |
| 245 | 1 | 0 | |a Mio figlio in rosa : |b ti senti maschio o femmina? io mi sento io / |c Camilla Vivian. |
| 260 | |a San Cesario di Lecce : |b Manni, |c 2017 | ||
| 300 | |a 182 p. ; |c 21 cm | ||
| 650 | 7 | |a Identità di genere |2 scbi | |
| 830 | 0 | |a Narrativa |0 IT\ICCU\CFI\0970302 | |
| 942 | |2 ddc |c BK |n 0 | ||
| 952 | |0 0 |1 0 |4 0 |6 T_155_424000000000000_VIV |7 0 |9 20464 |a BO |b BO |d 2026-01-15 |i 19493 |l 0 |o T 155.424 VIV |p BO19493 |r 2026-01-15 23:21:25 |w 2026-01-15 |x [Sebina 5] [1 v.] |y BK |z 1 v. | ||
| 999 | |c 17466 |d 17466 | ||